東京駅から半径1000km圏外の駅 - Statistics

General Stats
  • This quiz has been taken 96 times
    53 since last reset
  • The average score is 17 of 51
Answer Stats
Answer % Correct
稚内
100%
南稚内
80%
音威子府
74%
枕崎
74%
那覇空港
74%
幌延
67%
豊富
65%
網走
63%
県庁前
61%
赤嶺
57%
天塩中川
54%
首里
54%
てだこ浦西
52%
知床斜里
46%
おもろまち
43%
美深
39%
勇知
39%
天塩川温泉
37%
兜沼
37%
糠南
26%
下沼
26%
浦添前田
26%
咲来
24%
筬島
24%
佐久
24%
問寒別
24%
浜小清水
24%
奥武山公園
24%
中斜里
22%
智恵文
20%
北浜
20%
原生花園
17%
儀保
17%
牧志
17%
旭橋
17%
智北
15%
安里
15%
小禄
15%
桂台
13%
薩摩板敷
13%
経塚
13%
美栄橋
13%
壺川
13%
鱒浦
11%
藻琴
11%
石嶺
11%
市立病院前
11%
古島
11%
白沢
7%
止別
4%
薩摩塩屋
4%
No matching quizzes found
Score Distribution
Percent of People with Each Score
Percentile by Number Answered
Your Score History
You have not taken this quiz since the last reset